000 00586nam a2200157 i 4500
001 61639
003 ES-MaACL
005 20230906164516.0
007 t|
008 031113s1956 sp ||||1| spa d
100 1 _aFabregat Martí, Benjamín.
_948568
245 1 3 _aDiscurso pronunciado en el XII certamen literario de Castellón de la Plana
_b: La fe en la patria es un supremo amor /
_cpor su mantenedor Benjamín Fabregat Martí.
260 _aCastellón de la Plana :
_b[s.n.,
_c1956] (
_fHijos de F. Armengot)
300 _a36 p. ;
_c21 cm.
852 _aES-MaACL
_j1996-F-2
_bR.39640
999 _c61639
_d61639